Catálogo de los objetos expuestos por el Cuerpo de Ingenieros de Montes. (Record no. 187710)

MARC details
000 -LEADER
campo de control de longitud fija 00698nam a2200181 i 4500
001 - NÚMERO DE CONTROL
campo de control 187710
003 - IDENTIFICADOR DE NÚMERO DE CONTROL
campo de control ES-MaACL
005 - FECHA Y HORA DE LA ÚLTIMA TRANSACCIÓN
campo de control 20230906223018.0
008 - DATOS DE LONGITUD FIJA--INFORMACIÓN GENERAL
campo de control de longitud fija 180129s1908 sp |||| | spa d
245 00 - MENCIÓN DEL TÍTULO
Título Catálogo de los objetos expuestos por el Cuerpo de Ingenieros de Montes.
260 ## - PUBLICACIÓN, DISTRIBUCIÓN, ETC.
Lugar de publicación, distribución, etc. Madrid :
Nombre del editor, distribuidor, etc. [s.n.],
Fecha de publicación, distribución, etc. 1908 (
Fabricante Impr. de Ricardo Rojas)
300 ## - DESCRIPCIÓN FÍSICA
Extensión 49 p. ;
Dimensiones 25 cm.
500 ## - NOTA GENERAL
Nota general "Regalo á los suscriptores de la Revista de Montes"
594 ## - Nota al título y mención de responsabilidad
Nota al título y mención de responsabilidad Precede al tít.: Exposición Hispano-Francesa de Zaragoza, 1908.
710 2# - ENTRADA AGREGADA--NOMBRE DE ENTIDAD CORPORATIVA
Nombre de entidad corporativa o nombre de jurisdicción como elemento de entrada Cuerpo Nacional de Ingenieros de Montes.
9 (RLIN) 143756
711 2# - ENTRADA AGREGADA--NOMBRE DE REUNIÓN
Nombre de congreso/reunión o jurisdicción como elemento de entrada Exposición Hispano-Francesa (
Fecha del congreso o de la firma del tratado 1908.
Sede del congreso/Lugar de la reunión Zaragoza)
9 (RLIN) 142070
852 ## - LOCALIZACIÓN
Ubicación ES-MaACL
Número de control de estantería T-1163-F-7
Holdings
Estatus retirado Estado de pérdida Estado de daño No para préstamo Colección Biblioteca de origen Biblioteca actual Ubicación en estantería Fecha de adquisición Fuente de adquisición Total de préstamos Signatura topográfica completa Código de barras Visto por última vez Precio de reemplazo Tipo de ítem Koha
        Colección de folletos Biblioteca del Ateneo de Madrid Biblioteca del Ateneo de Madrid Depósito folletos 29/01/2018     T-1163-F-7 1198297 23/02/2023 23/02/2023 Folleto